000 00472nam a2200181Ia 4500
001 21355
005 20260306172913.0
008 260306t2023||||xx |||||||||||||| ||spa||
041 _aESP
082 _a344.528
_bR31
100 _aReátegui Sánchez, James,
_eAUT
245 0 _aEl delito de cohecho y sus modalidades en el código penal peruano
260 _c2023
300 _a367 páginas :
_c25 cm.
650 _aGEN
654 _aCDE
942 _cLIB
_dJUS
_fJUS
_2ddc
_n
999 _c21355
_d21355